<?xml version="1.0" encoding="UTF-8"?>
<record
    xmlns:xsi="http://www.w3.org/2001/XMLSchema-instance"
    xsi:schemaLocation="http://www.loc.gov/MARC21/slim http://www.loc.gov/standards/marcxml/schema/MARC21slim.xsd"
    xmlns="http://www.loc.gov/MARC21/slim">

  <leader>01315nam a2200217 i 4500</leader>
  <controlfield tag="001">BPP</controlfield>
  <controlfield tag="003">BPK</controlfield>
  <controlfield tag="005">20171109120705.0</controlfield>
  <controlfield tag="008">150224s1980    pl     f     |000 0 pol</controlfield>
  <datafield tag="040" ind1=" " ind2=" ">
    <subfield code="c">BPK</subfield>
  </datafield>
  <datafield tag="080" ind1=" " ind2=" ">
    <subfield code="a">620.197</subfield>
  </datafield>
  <datafield tag="100" ind1=" " ind2=" ">
    <subfield code="a">WACHOWIAK, Jerzy.</subfield>
    <subfield code="d">1968 - 1996.</subfield>
    <subfield code="b">Wy&#x17C;sza Szko&#x142;a In&#x17C;ynierska w Koszalinie - Instytut Budownictwa L&#x105;dowego,</subfield>
    <subfield code="c">Zak&#x142;ad Podstaw Informatyki</subfield>
  </datafield>
  <datafield tag="245" ind1=" " ind2=" ">
    <subfield code="a">Obliczanie wytrzyma&#x142;o&#x15B;ci obrotowych pow&#x142;ok tr&#xF3;jwarstwowych w zakresie liniowym.</subfield>
    <subfield code="n">Etap 2,</subfield>
    <subfield code="p">Algorytm obliczania pomieszcze&#x144; i si&#x142; przekrojowych oraz numeryczna analiza niekt&#xF3;rych przypadk&#xF3;w /</subfield>
    <subfield code="c">Jerzy Wachowiak, Bogdan Sierant.</subfield>
  </datafield>
  <datafield tag="260" ind1=" " ind2=" ">
    <subfield code="a">Koszalin,</subfield>
    <subfield code="c">1980.</subfield>
  </datafield>
  <datafield tag="500" ind1=" " ind2=" ">
    <subfield code="a">Dane z autopsji.</subfield>
  </datafield>
  <datafield tag="520" ind1=" " ind2=" ">
    <subfield code="a">W pracy przedstawiono algorytm obliczania pomieszcze&#x144; i si&#x142; wewn&#x119;trznych dla obrotowych pow&#x142;ok tr&#xF3;jwarstwowych. Rozwi&#x105;zanie oparto na szeregach podw&#xF3;jnych, w kt&#xF3;rych przyj&#x119;te funkcje spe&#x142;niaj&#x105; warunki brzegowe. Pozosta&#x142;e, nieznane wsp&#xF3;&#x142;czynniki szereg&#xF3;w wyznacza si&#x119; z r&#xF3;wna&#x144; przemieszczeniowych stosuj&#x105;c metod&#x119; Galerkina.</subfield>
  </datafield>
  <datafield tag="650" ind1=" " ind2="0">
    <subfield code="a">Pow&#x142;oki (bud.).</subfield>
  </datafield>
  <datafield tag="650" ind1=" " ind2=" ">
    <subfield code="a">Metody i zagadnienia brzegowe.</subfield>
  </datafield>
  <datafield tag="700" ind1=" " ind2=" ">
    <subfield code="a">SIERANT, Bogdan.</subfield>
    <subfield code="d">1972 - 1982.</subfield>
    <subfield code="b">Wy&#x17C;sza Szko&#x142;a In&#x17C;ynierska w Koszalinie - Instytut Budownictwa L&#x105;dowego,</subfield>
    <subfield code="c">Zak&#x142;ad Mechnaiki Budowli</subfield>
  </datafield>
  <datafield tag="942" ind1=" " ind2=" ">
    <subfield code="c">MN</subfield>
    <subfield code="2">UKD</subfield>
  </datafield>
  <datafield tag="999" ind1=" " ind2=" ">
    <subfield code="c">1863</subfield>
    <subfield code="d">1863</subfield>
  </datafield>
  <datafield tag="952" ind1=" " ind2=" ">
    <subfield code="0">0</subfield>
    <subfield code="1">0</subfield>
    <subfield code="4">0</subfield>
    <subfield code="7">0</subfield>
    <subfield code="a">BPK</subfield>
    <subfield code="b">BPK</subfield>
    <subfield code="o">NB-63/II</subfield>
    <subfield code="y">MN</subfield>
  </datafield>
</record>
